Catálogo
 En Linea

Aurora Tavarez Belliard / (Registro nro. 31117)

Detalles MARC
000 -CABECERA
campo de control de longitud fija 00505nam a2200145 a 4500
001 - NÚMERO DE CONTROL
campo de control 000031625
005 - FECHA Y HORA DE LA ÚLTIMA TRANSACCIÓN
campo de control 20250204092151.0
008 - DATOS DE LONGITUD FIJA--INFORMACIÓN GENERAL
campo de control de longitud fija 110628s1989 dr 000 0 spa d
040 ## - FUENTE DE LA CATALOGACIÓN
Centro catalogador/agencia de origen DO-SdBNP
Lengua de catalogación spa
Centro/agencia transcriptor BNPHU
049 ## - FONDOS LOCALES (OCLC)
Fondos de biblioteca BNPD
245 00 - MENCIÓN DE TÍTULO
Título Aurora Tavarez Belliard /
Mención de responsabilidad, etc. selección y notasde Julio Jaime Julia.
260 ## - PUBLICACIÓN, DISTRIBUCIÓN, ETC.
Lugar de publicación, distribución, etc. Moca, República Dominicana :
Nombre del editor, distribuidor, etc. Comisión Organizadora Permanente de la Feria Nacional del Libro,
Fecha de publicación, distribución, etc. 1989.
300 ## - DESCRIPCIÓN FÍSICA
Extensión 59 p. ;
Dimensiones 22 cm.
700 1# - PUNTO DE ACCESO ADICIONAL--NOMBRE DE PERSONA
Nombre de persona Julia, Julio Jaime
Fechas asociadas al nombre 1922-1993
9 (RLIN) 20185
Existencias
Estado de retiro Estado de pérdida No para préstamo Código de colección Localización permanente Ubicación/localización actual Ubicación en estantería Fecha de adquisición Número de inventario Total de préstamos Signatura topográfica completa Código de barras Fecha visto por última vez Número de copia Precio válido a partir de Tipo de ítem Koha
    Excluido de préstamo Dominicana de Servicio General General En catalogación 28.06.2011 LF1   31625-30 25.06.2020 e. 3 25.06.2020 Libro y Folleto Colección Dominicana de Servicio
      Patrimonio Dominicano General General Orden iniciada 25.06.2019 LF1   31625-50 25.06.2020   25.06.2020 Libro y Folleto Colección Patrimonio Dominicano
      Patrimonio Dominicano General General Orden iniciada 25.06.2019 LF1   31625-60 25.06.2020   25.06.2020 Libro y Folleto Colección Patrimonio Dominicano
    Excluido de préstamo Patrimonio Dominicano Patrimonio Dominicano Patrimonio Dominicano En catalogación 28.06.2011 LF1   31625-10 25.06.2020 e. 2 25.06.2020 Libro y Folleto Colección Patrimonio Dominicano
    Excluido de préstamo Patrimonio Dominicano Patrimonio Dominicano Patrimonio Dominicano En catalogación 28.06.2011 LF1   31625-20 25.06.2020   25.06.2020 Libro y Folleto Colección Patrimonio Dominicano

Con tecnología Koha